• 首页
  • 本馆介绍
  • 公告通知
  • 最新文献
  • 馆藏检索
  • 电子资源
  • 读者导购
  • 参考咨询
  • 我的图书馆
  • 登录
  • 详细信息显示
  • 放入我的书架
  • 预约/预借图书
  • 作者相关作品
  • 分类相关作品
  • 丛书相关作品
  • 出版社相关作品

书目信息

  • 表格格式
  • 工作单格式
  • 卡片格式
题名:
平面设计原理
    
 
作者: 潘海生 , 杜晓雨 主编
分册:  
出版信息: 北京   北京理工大学出版社  2013.10
页数: 150页
开本: 26cm
丛书名:
单 册:
中图分类: J511
科图分类:
主题词: 平面设计
电子资源:
ISBN: 978-7-5640-8256-7
000 01016nam0 2200265 450
001 0120131178943
005 20140612095053.12
010    @a978-7-5640-8256-7@dCNY59.00
100    @a20131126d2013 em y0chiy0110 ea
101 0  @achi
102    @aCN@b110000
105    @aa z 000yy
106    @ar
200 1  @a平面设计原理@9ping mian she ji yuan li@dPrinciples of graphic design@f潘海生,杜晓雨主编@zeng
210    @a北京@c北京理工大学出版社@d2013.10
215    @a150页@c图@d26cm
330    @a本书的第1章主要讲解平面设计的基础概念、印刷工艺、常用的设计软件等。第2章主要是讲的平面设计中的基本元素。第3至5章讲解的是平面设计最基本的设计元素,即构成平面设计的三大部分——字体、图形与色彩。第6章主要以设计的形式和构成原理为主。
333    @a本书适合作为高校教材使用
510 1  @aPrinciples of graphic design@zeng
606 0  @a平面设计
690    @aJ511@v5
701  0 @a潘海生@9pan hai sheng@4主编
701  0 @a杜晓雨@9du xiao yu@4主编
801  0 @aCN@b人天书店@c20131126
905    @b549614-16@dJ511@e359@f3
    
    平面设计原理=Principles of graphic design/潘海生,杜晓雨主编.-北京:北京理工大学出版社,2013.10
    150页:图;26cm
    使用对象:本书适合作为高校教材使用
    
    ISBN 978-7-5640-8256-7:CNY59.00
    本书的第1章主要讲解平面设计的基础概念、印刷工艺、常用的设计软件等。第2章主要是讲的平面设计中的基本元素。第3至5章讲解的是平面设计最基本的设计元素,即构成平面设计的三大部分——字体、图形与色彩。第6章主要以设计的形式和构成原理为主。
●
相关链接 在E读中查询图书 在五车中查询图书 在当当中查询图书 在豆瓣中查询图书


正题名:平面设计原理     索取号:J511/359         预约/预借

序号 登录号 条形码 馆藏地/架位号 状态 备注
1 549614   205496140   第一样本阅览室/ [索取号:J511/359] 在馆    
2 549615   205496159   密集书库-美术系/ [索取号:J511/359] 在馆    
3 549616   205496168   第一借阅区/ [索取号:J511/359] 在馆    
唐山师范学院图书馆 欢迎您!
大连网信软件有限公司© 版权所有